<?xml version="1.0" encoding="UTF-8"?>
<collection xmlns="http://www.loc.gov/MARC21/slim">
  <record>
    <leader>00000nam  2200000   4500</leader>
    <controlfield tag="001">INLIS000000000013209</controlfield>
    <controlfield tag="005">20220905084834</controlfield>
    <datafield tag="035" ind1="#" ind2="#">
      <subfield code="a">0010-0822000010</subfield>
    </datafield>
    <datafield tag="245" ind1="1" ind2="#">
      <subfield code="a">Teknologi Penyuluhan ROMPI (Radio, Zoom dan Aplikasi) Dinas Pertanian Pemerintah Kabupaten Kutai Barat /</subfield>
      <subfield code="c">Petrus, S.Hut., M.Si.</subfield>
    </datafield>
    <datafield tag="100" ind1=" " ind2="#">
      <subfield code="a">PETRUS</subfield>
    </datafield>
    <datafield tag="250" ind1="#" ind2="#">
      <subfield code="a">1</subfield>
    </datafield>
    <datafield tag="300" ind1="#" ind2="#">
      <subfield code="a">viii,53 halaman.,lampiran :</subfield>
      <subfield code="b">ilustrasi ;</subfield>
      <subfield code="c">30 cm</subfield>
    </datafield>
    <datafield tag="260" ind1="#" ind2="#">
      <subfield code="a">Samarinda :</subfield>
      <subfield code="b">Puslatbang KDOD,</subfield>
      <subfield code="c">2020</subfield>
    </datafield>
    <datafield tag="084" ind1="#" ind2="#">
      <subfield code="a">PKN 295 2020</subfield>
    </datafield>
    <datafield tag="520" ind1="#" ind2="#">
      <subfield code="a">Laporan proyek perubahan ini digunakan untuk mewujudkan penggunaan media elektronik lebih optimal agar meningkatkan kinerja penyuluh pertanian lapangan. Media yang digunakan yaitu kegiatan Ngobrol interaktif di stasiun radio, penyuluhan dan pelatihan dengan aplikasi zoom meeting serta menggunakan video  sebagai media informasi melalui youtube, instagram, Facebook dan website Dinas Pertanian Kabupaten Kutai Barat. Selain media media tersebut dibangun pula Aplikasi E-SIMKINLUH ( Elektronik-Simstem Informasi Kinerja Penyuluh yang didalamnya memiiliki fitur pelaporan Laku-Susi (Latihan Kunjungan dan Supervisi), Informasi Produk, Chat/Pengumuman, Tambahan Video.</subfield>
    </datafield>
    <datafield tag="500" ind1="#" ind2="#">
      <subfield code="a">Coach : Ir. Choirul Djamhari, M.Sc.,Ph.D&#13;
Penguji :Dr. Mariman Darto, M.Si&#13;
Mentor :Ayonius, S.Pd, M.M.</subfield>
    </datafield>
    <controlfield tag="008">220905################|##########|#|##</controlfield>
    <datafield tag="650" ind1="#" ind2="4">
      <subfield code="a">Proyek Perubahan</subfield>
    </datafield>
    <datafield tag="650" ind1="#" ind2="4">
      <subfield code="a">Kepemimpinan Nasional Tingkat II</subfield>
    </datafield>
    <datafield tag="650" ind1="#" ind2="4">
      <subfield code="a">sistem informasi</subfield>
    </datafield>
    <datafield tag="650" ind1="#" ind2="4">
      <subfield code="a">teknologi informasi</subfield>
    </datafield>
    <datafield tag="650" ind1="#" ind2="4">
      <subfield code="a">media sosial</subfield>
    </datafield>
    <datafield tag="650" ind1="#" ind2="4">
      <subfield code="a">layanan informasi</subfield>
    </datafield>
    <datafield tag="650" ind1="#" ind2="4">
      <subfield code="a">pelatihan pertanian</subfield>
    </datafield>
    <datafield tag="650" ind1="#" ind2="4">
      <subfield code="a">penyuluhan masyarakat</subfield>
    </datafield>
    <datafield tag="990" ind1="#" ind2="#">
      <subfield code="a">PKN/295/2020</subfield>
    </datafield>
  </record>
</collection>
